| 000 | 02378 a2200241 4500 | ||
|---|---|---|---|
| 001 | 59043 | ||
| 005 | 20260407155845.0 | ||
| 008 | 260407a2022 arg spa d | ||
| 003 | AR-UNSa-BCEJYS | ||
| 040 |
_aAR-UNSa-BCEJYS _bspa _cAR-UNSa-BCEJYS |
||
| 080 |
_a349.2 _xDerecho del Trabajo |
||
| 245 | 1 | 0 | _aManual de derecho laboral |
| 020 | _a978-950-20-3053-1 | ||
| 250 | _a15a. ed. | ||
| 264 | 1 |
_aBuenos Aires : _bAbeledo Perrot _c2022 |
|
| 300 |
_alxi, 839 p. _c24 cm. |
||
| 505 | _a1. Trabajo humano. Derecho del trabajo. Política social – 2. Historia del derecho del trabajo. Perspectivas de las relaciones laborales – 3. Fuentes del derecho del trabajo – 4. Principios del derecho del trabajo – 5. Contrato de trabajo. Relación de dependencia – 6. Registración del contrato. Empleo no registrado y defectuosamente registrado. Sanciones y multas – 7. Fraude. Responsabilidad solidaria regulada en la LCT – 8. Responsabilidad de socios, gerentes y directores. Transferencia y cesión del contrato – 9. Periodo de prueba. Modalidades del contrato – 10. Derechos y deberes de las partes – 11. Remuneraciones – 12. Régimen de jornada. Descansos, feriados, vacaciones y licencias – 13. Trabajo de mujeres y de menores – 14. Enfermedades y accidentes inculpables – 15. Suspensión del contrato – 16. Estabilidad. Preaviso. Despido. Casos de injuria – 17. Régimen indemnizatorio. Art. 245, LCT, y rubros principales. Indemnizaciones agravadas – 18. Formas de extinción del contrato de trabajo – 19. Régimen de las Pequeñas y Medianas Empresas (PYMES). Estatutos especiales – 20. Asociaciones sindicales de trabajadores – 21. Negociación colectiva. Convenios colectivos – 22. Conflictos colectivos de trabajo. Medidas de acción directa – 23. Derecho administrativo y procesal del trabajo – 24. Derecho internacional del trabajo – 25. Accidentes del trabajo y enfermedades profesionales. Jurisprudencia – 26. Derecho de la seguridad social. Sistema Integrado Previsional Argentino (SIPA) – 27. Seguro de desempleo – 28. Asignaciones familiares – 29. Obras sociales. Seguro de salud | ||
| 041 | _aspa | ||
| 942 | _cBK | ||
| 590 | _aniveau_biblio:m niveau_hierar:0 | ||
| 100 | 1 | _aGrisolia, Julio Armando | |
| 856 | 4 | 1 |
_uhttps://www.biblioeco.unsa.edu.ar/pmb/images/libros/L128944.jpg _yImagen de portada _qimage/jpeg |
| 999 |
_c6590 _d6590 |
||